000 00669 a2200205 4500
001 62137
005 20260407155915.0
008 260407a1982 arg spa d
003 AR-UNSa-BCEJYS
040 _aAR-UNSa-BCEJYS
_bspa
_cAR-UNSa-BCEJYS
080 _a352(460)
_xAdministración Municipal y Local de España
245 1 0 _aFuncionamiento de los órganos representativos de las corporaciones locales
020 _a978-84-7088-319-4
264 1 _aMadrid :
_bInstituto de Estudios de Administración Local
_c1982
300 _a278 p.
_c21 cm.
041 _aspa
942 _cBK
590 _aniveau_biblio:m niveau_hierar:0
100 1 _aMartínez Sanchez, Alberto
999 _c7580
_d7580